000 00189 a2200097 4500
001 10995
100 _aBrandl, W
245 _aNorth South
260 _a
_bPan Book
_c
090 _c8563
_d8563
942 _aNUST-CAE
_cM
_c35337
999 _c246068
_d246068